| 000 | 01468nam a22002297a 4500 | ||
|---|---|---|---|
| 001 | 6349 | ||
| 003 | FISKH | ||
| 005 | 20250423111321.0 | ||
| 008 | 250423b cb ||||| |||| 00| 0 eng d | ||
| 020 | _a9789812373113 | ||
| 040 |
_aFISKH _beng _cFISKH _dFISKH |
||
| 050 | _aQA40.5 | ||
| 082 | _a510.712 | ||
| 100 | _aSeng, Teh Keng | ||
| 245 |
_aNew Mathematics / _cConsultant : Dr. Yeap Ban Har ; Author Teh Keng Seng BSc, Dip Ed ; Loh Cheng Yee BSc, Dip Ed |
||
| 260 |
_aHill View : _bSinglee Publisher, _c2007. |
||
| 300 |
_a420 pages : _bcolor illustrations ; _c26 cm |
||
| 520 | _aNew Syllabus Mathematics is specially written for secondary students with the ultimate aim for the GCE O Level examination. Exploration activities to promote applications in inter-disciplinary and real life. Real-life photos at the chapter beginning to provide a thought-provoking introduction. Graded exercises and challenging problem to cater to different learning abilities. Real-life situations to demonstrate the relevance of mathematics to everyday life. Revision exercises to recapitulate previously covered mathematical concepts. Thinking Time to provide opportunities for creative and individual thinking. Awareness of problem-solving strategies is systematically enhanced. Self-assessment to incite active learning and independent thinking Student’s Books, Workbooks and Teacher’s Resources. | ||
| 650 |
_aMath _vTextbook |
||
| 942 |
_2ddc _cBK _n0 |
||
| 999 |
_c6349 _d6349 |
||